| 000 | 00000nam##2200000za#4500 |
| 001 | 9.602124 |
| 003 | CaOODSP |
| 005 | 20241210082323 |
| 007 | cr ||||||||||| |
| 008 | 150406|1997||||xxc|||||o f|0| 0 fre|d |
| 022 | |a1701-9419 |
| 040 | |aCaOODSP|bfre |
| 043 | |an-cn--- |
| 086 | 1 |aFB3-2/97-17F-PDF |
| 110 | 2 |aBanque du Canada. |
| 245 | 10|aLes marchés du travail régionaux : |h[ressource électronique]|bune comparaison entre le Canada et les États-Unis / |c[par] Mario Lefebvre. |
| 260 | |aOttawa - Ontario : |bBanque du Canada |cAoût 1997. |
| 300 | |a29p.|bgraphiques |
| 490 | 1 |aBanque du Canada - document de travail|x1701-9419|v97-17 |
| 500 | |a«Cette étude a pour but de comparer l'évolution des marchés régionaux de l'emploi au Canada et aux États-Unis.»--Résumé. |
| 500 | |aL'ISBN (0-662-82256-0) et l'ISSN (1192-5434) de l'édition imprimée ont été incorrectement copiés dans l'édition électronique. |
| 504 | |aBibliographie. |
| 520 | 3 |aCette étude a pour but de comparer l'évolution des marchés régionaux de l'emploi au Canada et aux États-Unis.--Résumé |
| 546 | |aAbstract in English. |
| 590 | |a11-19-Supp|b2011-09-23 |
| 720 | 1 |aLefebvre, Mario |
| 776 | 0#|tLes marchés du travail régionaux: une comparaison entre le Canada et les États-Unis / |w(CaOODSP)9.624479 |
| 830 | #0|aDocument de travail (Banque du Canada)|x1701-9419|v97-17|w(CaOODSP)9.501087 |
| 856 | 40|ahttp://publications.gc.ca|qPDF|s98 Ko|uhttps://publications.gc.ca/collections/Collection/FB3-2-97-17F.pdf|y97-17 |